Top 100 Best Football Players of All Time - Statistics

General Stats
  • This quiz has been taken 1,864 times
  • The average score is 40 of 100
Answer Stats
# Player % Correct
1 Lionel Messi
100%
4 Cristiano Ronaldo
99%
9 Ronaldo
98%
3 Diego Maradona
97%
2 Pele
97%
6 Zinedine Zidane
92%
5 Johan Cruyff
89%
11 Gerd Muller
81%
7 Franz Beckenbauer
80%
10 George Best
80%
19 Paolo Maldini
80%
24 Andres Iniesta
78%
12 Ferenc Puskas
78%
21 Ronaldinho
78%
23 Xavi
78%
28 Luka Modric
76%
31 Manuel Neuer
75%
48 Gianluigi Buffon
73%
14 Marco van Basten
71%
16 Eusebio
70%
50 Robert Lewandowski
70%
29 Thierry Henry
70%
45 Kylian Mbappe
69%
13 Michel Platini
67%
8 Alfredo Di Stefano
66%
22 Lev Yashin
64%
30 Ruud Gullit
64%
90 Roberto Carlos
59%
18 Bobby Charlton
58%
35 Rivaldo
58%
17 Garrincha
56%
40 Luis Suarez
56%
98 Kaka
51%
15 Zico
51%
76 Cafu
50%
94 Luis Figo
50%
33 Lothar Matthaus
49%
25 Franco Baresi
48%
27 Roberto Baggio
47%
39 Romario
46%
44 Kenny Dalglish
45%
85 Philipp Lahm
45%
84 Wayne Rooney
45%
97 George Weah
44%
43 Michael Laudrup
43%
92 Peter Schmeichel
42%
100 Gheorghe Hagi
41%
88 Sergio Busquets
41%
32 Socrates
41%
42 Bobby Moore
40%
89 Hristo Stoichkov
38%
73 Dani Alves
34%
26 Carlos Alberto
32%
78 Florian Albert
32%
83 Hugo Sanchez
31%
77 Frank Rijkaard
29%
86 Alan Shearer
27%
46 Paolo Rossi
27%
68 Dennis Bergkamp
26%
96 Javier Zanetti
26%
70 Ronald Koeman
26%
55 Dino Zoff
25%
20 Giuseppe Meazza
25%
53 Jairzinho
24%
61 Karl-Heinz Rummenigge
23%
80 Just Fontaine
22%
59 Gordon Banks
20%
34 Raymond Kopa
20%
99 Mario Kempes
19%
36 Stanley Matthews
18%
66 Dennis Law
17%
74 Eric Cantona
17%
41 Francisco Gento
14%
52 Kevin Keegan
14%
58 Daniel Passarella
13%
49 Didi
13%
60 Gianni Rivera
12%
79 Rivellino
11%
95 Djalma Santos
10%
65 Johan Neeskens
10%
64 Gunnar Nordahl
9%
93 Sandor Kocsis
9%
67 Sandro Mazzola
9%
37 Valentino Mazzola
9%
87 Allan Simonsen
8%
54 Gaetano Scirea
8%
81 Josef Masopust
8%
91 Giacinto Facchetti
7%
82 Jimmy Greaves
7%
62 John Charles
7%
71 Omar Sivori
7%
72 Teofilo Cubillas
7%
57 Fritz Walter
6%
63 Dixie Dean
5%
47 Gunter Netzer
5%
56 Juan Alberto Schiaffino
5%
38 Matthias Sindelar
5%
69 Jimmy Johnstone
4%
75 Jose Andrade
4%
51 Jose Manuel Moreno
3%
No matching quizzes found
Score Distribution
Percent of People with Each Score
Percentile by Number Answered
Your Score History
You have not taken this quiz